What went wrong? : Western impact and Middle Eastern response / (Record no. 70049)

000 -LEADER
fixed length control field 01315cam a22003134a 4500
001 - CONTROL NUMBER
control field 12431959
003 - CONTROL NUMBER IDENTIFIER
control field NUST - PNEC
005 - DATE AND TIME OF LATEST TRANSACTION
control field 20170116181132.0
008 - FIXED-LENGTH DATA ELEMENTS--GENERAL INFORMATION
fixed length control field 010605s2002 enka b 001 0 eng
010 ## - LIBRARY OF CONGRESS CONTROL NUMBER
LC control number 2001036214
020 ## - INTERNATIONAL STANDARD BOOK NUMBER
International Standard Book Number 0195144201 (alk. paper)
040 ## - CATALOGING SOURCE
Original cataloging agency DLC
Transcribing agency LIBRARY
Modifying agency DLC
042 ## - AUTHENTICATION CODE
Authentication code pcc
043 ## - GEOGRAPHIC AREA CODE
Geographic area code aw-----
050 00 - LIBRARY OF CONGRESS CALL NUMBER
Classification number DS62.4
Item number .L488 2002
082 00 - DEWEY DECIMAL CLASSIFICATION NUMBER
Classification number 956.015 LEW
100 1# - MAIN ENTRY--PERSONAL NAME
Personal name Lewis, Bernard,
Dates associated with a name 1916-
245 10 - TITLE STATEMENT
Title What went wrong? : Western impact and Middle Eastern response /
Statement of responsibility, etc. Bernard Lewis.
260 ## - PUBLICATION, DISTRIBUTION, ETC.
Place of publication, distribution, etc. Oxford ;
-- New York :
Name of publisher, distributor, etc. Oxford University Press,
Date of publication, distribution, etc. 2002.
300 ## - PHYSICAL DESCRIPTION
Extent 180 p. :
Other physical details ill. ;
Dimensions 22 cm.
504 ## - BIBLIOGRAPHY, ETC. NOTE
Bibliography, etc. note Includes bibliographical references and index.
650 ## - SUBJECT ADDED ENTRY--TOPICAL TERM
General subdivision gENERAL
651 #0 - SUBJECT ADDED ENTRY--GEOGRAPHIC NAME
Geographic name Middle East
General subdivision History
Chronological subdivision 1517-
856 42 - ELECTRONIC LOCATION AND ACCESS
Materials specified Publisher description
Uniform Resource Identifier <a href="http://www.loc.gov/catdir/enhancements/fy0612/2001036214-d.html">http://www.loc.gov/catdir/enhancements/fy0612/2001036214-d.html</a>
856 42 - ELECTRONIC LOCATION AND ACCESS
Materials specified Contributor biographical information
Uniform Resource Identifier <a href="http://www.loc.gov/catdir/enhancements/fy0724/2001036214-b.html">http://www.loc.gov/catdir/enhancements/fy0724/2001036214-b.html</a>
906 ## - LOCAL DATA ELEMENT F, LDF (RLIN)
a 7
b cbc
c orignew
d 1
e ocip
f 20
g y-gencatlg
942 ## - ADDED ENTRY ELEMENTS (KOHA)
Source of classification or shelving scheme
Koha item type Book
Holdings
Withdrawn status Lost status Source of classification or shelving scheme Damaged status Not for loan Permanent Location Current Location Shelving location Date acquired Total Checkouts Full call number Barcode Date last seen Price effective from Koha item type Source of acquisition
          Pakistan Navy Engineering College (PNEC) Pakistan Navy Engineering College (PNEC)       956.015 LEW PNECLIB-029130 10/06/2015   Book  
          Pakistan Navy Engineering College (PNEC) Pakistan Navy Engineering College (PNEC)       956.015 LEW PNECLIB-029131 10/06/2015   Book  
          Pakistan Navy Engineering College (PNEC) Pakistan Navy Engineering College (PNEC)       956.015 LEW PNECLIB-032335 11/25/2015   Book Donated
          Pakistan Navy Engineering College (PNEC) Pakistan Navy Engineering College (PNEC)       956.015 LEW PNECLIB-032336 11/25/2015   Book Donated
© 2023 Central Library, National University of Sciences and Technology. All Rights Reserved.